[Event "BCF-chT3 2224 (4NCL)"]
[Site "England"]
[Date "2023.11.11"]
[Round "1.12"]
[White "Elwin, Adrian G"]
[Black "Brown, Thomas"]
[Result "1/2-1/2"]
[WhiteElo "1975"]
[BlackElo "2111"]
[PlyCount "74"]
[EventDate "2023.11.11"]
[EventType "team-tourn"]
[EventRounds "11"]
[EventCountry "ENG"]
[SourceTitle "CB48_2023"]
[SourceDate "2023.11.29"]
[SourceVersion "1"]
[SourceVersionDate "2023.11.29"]
[SourceQuality "1"]
[WhiteTeam "MK Phoenix"]
[BlackTeam "Rhyfelwyr Essyllwg"]
[WhiteTeamCountry "ENG"]
[BlackTeamCountry "ENG"]

1. d4 Nf6 2. c4 g6 3. Nc3 Bg7 4. e4 d6 5. Be2 0-0 6. Nf3 c5 7. 0-0 cxd4 8. Nxd4 Nc6 9. Be3 Bd7 10. Rc1 Nxd4 11. Bxd4 Bh6 12. f4 e5 13. fxe5 Bxc1 14. Qxc1 dxe5 15. Bxe5 Ne8 16. Nd5 f6 17. Qf4 g5 18. Qf2 Kg7 19. Bc3 Be6 20. e5 f5 21. h4 g4 22. Bxg4 Nc7 23. Nxc7 Qxc7 24. Be2 b6 25. Qf4 Rad8 26. Bb4 Rf7 27. Bd6 Qc8 28. Bh5 Rb7 29. g4 Rxd6 30. exd6 Qxc4 31. Qe5+ Kg8 32. Re1 Bf7 33. Bxf7+ Rxf7 34. d7 Qxg4+ 35. Kf1 Qf3+ 36. Kg1 Qg4+ 37. Kf1 Qf3+ 1/2-1/2

[Event "BCF-chT3E 2223 (4NCL)"]
[Site "England"]
[Date "2023.02.12"]
[Round "6.43"]
[White "Faulks, Nick"]
[Black "Elwin, Adrian G"]
[Result "0-1"]
[WhiteElo "1802"]
[BlackElo "1958"]
[PlyCount "72"]
[EventDate "2022.11.05"]
[EventType "team-tourn"]
[EventRounds "11"]
[EventCountry "ENG"]
[SourceTitle "EXT 2024"]
[Source "ChessBase"]
[SourceDate "2023.10.10"]
[SourceVersion "1"]
[SourceVersionDate "2023.10.10"]
[SourceQuality "1"]
[WhiteTeam "Surbiton"]
[BlackTeam "MK Phoenix"]
[WhiteTeamCountry "ENG"]
[BlackTeamCountry "ENG"]

1. e4 c6 2. c4 d5 3. cxd5 cxd5 4. exd5 Nf6 5. Qa4+ Bd7 6. Qb3 Qc7 7. Nc3 e6 8. d4 Nxd5 9. Nxd5 exd5 10. Qxd5 Bb4+ 11. Kd1 Nc6 12. Qe4+ Ne7 13. Bf4 Qb6 14. Nf3 0-0 15. Bc4 Bc6 16. Qd3 Rad8 17. Be3 Bxf3+ 18. gxf3 Bc5 19. Ke1 Bxd4 20. Bxd4 Rxd4 21. Qb3 Qc7 22. Rc1 Ng6 23. Rc3 Qf4 24. Qc2 Re8+ 25. Kf1 Qd6 26. Rd3 Nf4 27. Rxd4 Qxd4 28. Rg1 Rd8 29. Be2 Qd2 30. Qxd2 Rxd2 31. Rg4 Rxe2 32. Rxf4 Rxb2 33. Rc4 g6 34. Rc7 a5 35. Kg2 b5 36. Rb7 b4 0-1

[Event "Leamington Spa 4NCL op 26th"]
[Site "Leamington Spa"]
[Date "2021.09.12"]
[Round "5"]
[White "Elwin, Adrian G"]
[Black "Gardiner, Eric D"]
[Result "1/2-1/2"]
[WhiteElo "1982"]
[BlackElo "2016"]
[PlyCount "133"]
[EventDate "2021.09.10"]
[EventType "swiss"]
[EventRounds "5"]
[EventCountry "ENG"]
[SourceTitle "CBM 204 Extra"]
[Source "ChessBase"]
[SourceDate "2021.11.30"]
[SourceVersion "1"]
[SourceVersionDate "2021.11.30"]
[SourceQuality "1"]

1. d4 d5 2. c4 dxc4 3. Nc3 a6 4. a4 Nc6 5. e3 Na5 6. Be2 Nf6 7. Nf3 Bg4 8. Ne5 Bxe2 9. Qxe2 e6 10. Nxc4 Nxc4 11. Qxc4 Be7 12. 0-0 0-0 13. e4 b5 14. Qd3 b4 15. Ne2 e5 16. Rd1 c5 17. d5 Qd6 18. Ng3 g6 19. Nf1 Nd7 20. Ne3 Nb6 21. a5 Nd7 22. Nc4 Qb8 23. b3 Bf6 24. Be3 Bg7 25. Rac1 Re8 26. f3 Ra7 27. Qd2 Rb7 28. Qf2 Rb5 29. g3 Qc7 30. f4 Rxa5 31. Nxa5 Qxa5 32. f5 Qb5 33. fxg6 fxg6 34. Rf1 Rf8 35. Qc2 Rc8 36. Qc4 Bf8 37. Qc2 Bg7 38. Rf2 a5 39. Qc4 Qxc4 40. Rxc4 Bf8 41. Ra2 a4 42. bxa4 b3 43. Rb2 Nb6 44. Rc3 Nxa4 45. Rbxb3 Nxc3 46. Rxc3 c4 47. Kf2 Bb4 48. Rc2 Kf7 49. Ke2 Ke7 50. Bd2 Bxd2 51. Kxd2 Kd6 52. Kc3 Ra8 53. Kxc4 Ra4+ 54. Kd3 Ra3+ 55. Rc3 Ra2 56. Rc6+ Kd7 57. Re6 Rxh2 58. Rxe5 Rg2 59. Rg5 Kd6 60. Kd4 Rd2+ 61. Ke3 Rd1 62. Rg4 Ke5 63. Rf4 Ra1 64. Rf7 Ra3+ 65. Kf2 Kxe4 66. d6 Rd3 67. Re7+ 1/2-1/2

[Event "Hastings Masters op 95th"]
[Site "Hastings"]
[Date "2019.12.28"]
[Round "1"]
[White "Zheng, Harry Z"]
[Black "Elwin, Adrian G"]
[Result "1/2-1/2"]
[WhiteElo "1705"]
[BlackElo "1986"]
[PlyCount "81"]
[EventDate "2019.12.28"]
[EventType "swiss"]
[EventRounds "9"]
[EventCountry "ENG"]
[SourceTitle "CBM 194 Extra"]
[Source "ChessBase"]
[SourceDate "2020.03.31"]
[SourceVersion "1"]
[SourceVersionDate "2020.03.31"]
[SourceQuality "1"]

1. e4 c6 2. d4 d5 3. e5 Bf5 4. h4 h5 5. Bd3 Bxd3 6. Qxd3 e6 7. Bg5 Be7 8. Nf3 Nd7 9. Nc3 Nh6 10. Ne2 Nf5 11. Ng3 g6 12. Nxf5 gxf5 13. Qe3 Nf8 14. c3 Ng6 15. Bxe7 Qxe7 16. Qg5 b6 17. Qxe7+ Kxe7 18. g3 f6 19. exf6+ Kxf6 20. 0-0 c5 21. Rfe1 Rac8 22. Ng5 Rhe8 23. Rad1 Nf8 24. f4 Re7 25. Re2 cxd4 26. Rxd4 Rc4 27. Rd1 a5 28. Rd3 Nd7 29. Rde3 Rc6 30. Nf3 Nc5 31. Nd4 Rcc7 32. Nb5 Rcd7 33. Nd4 Ne4 34. Nc6 Rg7 35. Kh2 Rc7 36. Ne5 Rc8 37. Rg2 a4 38. a3 Rgc7 39. Rd3 b5 40. Re2 Rg8 41. Rg2 1/2-1/2

[Event "BCF-chT4S 1819 (4NCL)"]
[Site "England"]
[Date "2019.05.06"]
[Round "11.92"]
[White "Elwin, Adrian G"]
[Black "Burcham, Tony"]
[Result "1-0"]
[WhiteElo "1983"]
[BlackElo "1650"]
[PlyCount "47"]
[EventDate "2018.11.17"]
[EventType "team-swiss"]
[EventRounds "11"]
[EventCountry "ENG"]
[SourceTitle "EXT 2021"]
[Source "ChessBase"]
[SourceDate "2020.10.23"]
[SourceVersion "1"]
[SourceVersionDate "2020.10.23"]
[SourceQuality "1"]
[WhiteTeam "MK Phoenix II"]
[BlackTeam "Oxford IV"]
[WhiteTeamCountry "ENG"]
[BlackTeamCountry "ENG"]

1. d4 e6 2. c4 f5 3. e4 fxe4 4. f3 Nf6 5. Bg5 Be7 6. Bxf6 Bxf6 7. fxe4 0-0 8. Nf3 d6 9. Nc3 Nc6 10. Be2 e5 11. d5 Ne7 12. Qc2 Ng6 13. 0-0-0 Nf4 14. Rhg1 Bd7 15. Kb1 a5 16. Bf1 Qe8 17. g3 Nh3 18. Bxh3 Bxh3 19. g4 Be7 20. Qd3 Qf7 21. Nd2 Bxg4 22. Rxg4 Qh5 23. Rdg1 g6 24. Qe2 1-0

[Event "BCF-chT4S 1819 (4NCL)"]
[Site "England"]
[Date "2019.02.10"]
[Round "6.41"]
[White "Elwin, Adrian G"]
[Black "Hadi, Justin"]
[Result "1/2-1/2"]
[WhiteElo "1983"]
[BlackElo "1990"]
[PlyCount "90"]
[EventDate "2018.11.17"]
[EventType "team-swiss"]
[EventRounds "11"]
[EventCountry "ENG"]
[SourceTitle "EXT 2021"]
[Source "ChessBase"]
[SourceDate "2020.10.23"]
[SourceVersion "1"]
[SourceVersionDate "2020.10.23"]
[SourceQuality "1"]
[WhiteTeam "MK Phoenix II"]
[BlackTeam "Oxford III"]
[WhiteTeamCountry "ENG"]
[BlackTeamCountry "ENG"]

1. d4 Nf6 2. c4 e6 3. Nc3 Bb4 4. Qc2 Nc6 5. Nf3 d6 6. e4 e5 7. d5 Bxc3+ 8. bxc3 Nb8 9. c5 0-0 10. cxd6 cxd6 11. Bd3 Nbd7 12. 0-0 Nc5 13. Be3 b6 14. Bxc5 bxc5 15. Nd2 Nd7 16. Nc4 Nb6 17. f4 Nxc4 18. Bxc4 f6 19. fxe5 fxe5 20. Rxf8+ Kxf8 21. Rf1+ Kg8 22. Rb1 Qc7 23. Qb3 Bd7 24. Qb7 Rc8 25. Qxc7 Rxc7 26. h3 Kf7 27. Kf2 Bc8 28. Rb8 Kf6 29. Kg3 Kg5 30. h4+ Kf6 31. Rb2 h6 32. Be2 Rb7 33. Rxb7 Bxb7 34. Kf3 Bc8 35. g4 g5 36. h5 Ke7 37. Ke3 Kd7 38. c4 Kc7 39. Kd3 Kb6 40. Kc3 Ka5 41. Kb3 Bd7 42. a3 Ba4+ 43. Kb2 a6 44. Kc3 Bd7 45. Kb3 Ba4+ 1/2-1/2

[Event "BCF-chT3Sa 1819 (4NCL)"]
[Site "England"]
[Date "2019.01.13"]
[Round "4.15"]
[White "Lewis, Alex"]
[Black "Elwin, Adrian G"]
[Result "1/2-1/2"]
[WhiteElo "2130"]
[BlackElo "1978"]
[PlyCount "47"]
[EventDate "2018.11.17"]
[EventType "team-tourn"]
[EventRounds "7"]
[EventCountry "ENG"]
[SourceTitle "EXT 2021"]
[Source "ChessBase"]
[SourceDate "2020.10.23"]
[SourceVersion "1"]
[SourceVersionDate "2020.10.23"]
[SourceQuality "1"]
[WhiteTeam "Kings Head"]
[BlackTeam "MK Phoenix"]
[WhiteTeamCountry "ENG"]
[BlackTeamCountry "ENG"]

1. e4 c6 2. d3 d5 3. Nd2 e5 4. Ngf3 Bd6 5. g3 Nf6 6. Bg2 dxe4 7. dxe4 0-0 8. 0-0 Be6 9. h3 h6 10. Qe2 Nbd7 11. Nc4 Bc7 12. Nh4 Nc5 13. b3 Ncxe4 14. Bxe4 Qd4 15. Bd3 e4 16. Bb2 exd3 17. cxd3 Qd8 18. Kh2 Nh7 19. Ne5 Re8 20. Rfe1 Qc8 21. Qh5 Nf6 22. Qf3 Nh7 23. Qh5 Nf6 24. Qf3 1/2-1/2

[Event "BCF-chT3Sb 1718 (4NCL)"]
[Site "England"]
[Date "2018.02.11"]
[Round "6.74"]
[White "Elwin, Adrian G"]
[Black "Batchelor, Paul A"]
[Result "0-1"]
[WhiteElo "1996"]
[BlackElo "1888"]
[PlyCount "140"]
[EventDate "2017.11.11"]
[EventType "team-tourn"]
[EventRounds "11"]
[EventCountry "ENG"]
[SourceTitle "EXT 2020"]
[Source "ChessBase"]
[SourceDate "2019.10.17"]
[SourceVersion "1"]
[SourceVersionDate "2019.10.17"]
[SourceQuality "1"]
[WhiteTeam "MK Phoenix"]
[BlackTeam "Sussex Martlets II"]
[WhiteTeamCountry "ENG"]
[BlackTeamCountry "ENG"]

1. d4 Nf6 2. c4 g6 3. Nc3 Bg7 4. e4 d6 5. Be2 0-0 6. Nf3 Na6 7. h3 e5 8. dxe5 dxe5 9. Qxd8 Rxd8 10. Bg5 Re8 11. 0-0-0 h6 12. Be3 c6 13. g4 Nh7 14. Nd2 Nc7 15. Nf1 Ne6 16. Ng3 Nhf8 17. Bf1 Nf4 18. Nce2 N8e6 19. h4 b6 20. h5 Ba6 21. b3 Rad8 22. Nc3 Rxd1+ 23. Nxd1 Bc8 24. Nc3 Bf8 25. Nge2 Kg7 26. Nxf4 exf4 27. Bd2 Ba3+ 28. Kb1 Rd8 29. Bc1 Bxc1 30. Kxc1 Ng5 31. Rg1 Rd4 32. Be2 f3 33. Bd1 Nxe4 34. Nxe4 Rxe4 35. Bxf3 Rf4 36. Rg3 c5 37. Kd2 g5 38. Ke3 f5 39. gxf5 Bxf5 40. Rg1 Rd4 41. Be2 Kf6 42. Rg3 Rf4 43. Rg1 Re4+ 44. Kd2 Ke5 45. Rg3 g4 46. Rg1 Kf4 47. Rg2 Rd4+ 48. Kc3 Kg5 49. f3 Kxh5 50. fxg4+ Bxg4 51. b4 Re4 52. Bd3 cxb4+ 53. Kxb4 Re3 54. Bc2 Kg5 55. c5 bxc5+ 56. Kxc5 Re2 57. Rxe2 Bxe2 58. Kd4 Kf4 59. Bg6 Bg4 60. Bf7 Kg5 61. Ke5 Bd1 62. a3 Bc2 63. Be6 h5 64. Bh3 Kh4 65. Be6 Kg3 66. Kd4 h4 67. Ke3 Bd1 68. Bd7 Bg4 69. Bc6 h3 70. Bh1 h2 0-1

[Event "BCF-chT3Sb 1718 (4NCL)"]
[Site "England"]
[Date "2018.02.10"]
[Round "5.66"]
[White "Tucker, David Sidney"]
[Black "Elwin, Adrian G"]
[Result "1-0"]
[WhiteElo "1977"]
[BlackElo "1996"]
[PlyCount "77"]
[EventDate "2017.11.11"]
[EventType "team-tourn"]
[EventRounds "11"]
[EventCountry "ENG"]
[SourceTitle "EXT 2020"]
[Source "ChessBase"]
[SourceDate "2019.10.17"]
[SourceVersion "1"]
[SourceVersionDate "2019.10.17"]
[SourceQuality "1"]
[WhiteTeam "Brown Jack"]
[BlackTeam "MK Phoenix"]
[WhiteTeamCountry "ENG"]
[BlackTeamCountry "ENG"]

1. e4 c6 2. Nc3 d5 3. Nf3 Bg4 4. h3 Bxf3 5. Qxf3 e6 6. d3 Nd7 7. g3 Bb4 8. Bd2 Ne7 9. a3 Ba5 10. exd5 cxd5 11. Bg2 Nc6 12. 0-0 0-0 13. b4 Bb6 14. Na4 Bd4 15. c3 Bf6 16. d4 b5 17. Nb2 Nb6 18. Qe2 a6 19. f4 Rc8 20. Be3 Ne7 21. Rfc1 Nc4 22. g4 g6 23. a4 Qb6 24. Bf2 Rc6 25. axb5 axb5 26. Nd3 Qc7 27. Bg3 Bg7 28. Kh2 f5 29. Nc5 Qd6 30. Ra7 Nb6 31. Qxb5 Nec8 32. Ra6 g5 33. Rf1 gxf4 34. Rxf4 e5 35. Rxf5 Rxf5 36. gxf5 Bf6 37. Qe2 Qe7 38. dxe5 Bh4 39. Qg4+ 1-0

[Event "BCF-chT3Sb 1718 (4NCL)"]
[Site "England"]
[Date "2018.01.14"]
[Round "4.65"]
[White "Hassall, Mark Ian"]
[Black "Elwin, Adrian G"]
[Result "1/2-1/2"]
[WhiteElo "1938"]
[BlackElo "1996"]
[PlyCount "36"]
[EventDate "2017.11.11"]
[EventType "team-tourn"]
[EventRounds "11"]
[EventCountry "ENG"]
[SourceTitle "EXT 2020"]
[Source "ChessBase"]
[SourceDate "2019.10.17"]
[SourceVersion "1"]
[SourceVersionDate "2019.10.17"]
[SourceQuality "1"]
[WhiteTeam "West is Best III"]
[BlackTeam "MK Phoenix"]
[WhiteTeamCountry "WLS"]
[BlackTeamCountry "ENG"]

1. e4 c6 2. d4 d5 3. Nc3 dxe4 4. Nxe4 Nf6 5. Nxf6+ gxf6 6. Nf3 Bg4 7. Be2 e6 8. 0-0 Bd6 9. c4 Nd7 10. c5 Bc7 11. Nh4 f5 12. g3 Bh3 13. Re1 Qf6 14. Ng2 f4 15. Bxf4 Bxf4 16. Nxf4 Qxf4 17. gxf4 Rg8+ 18. Kh1 Bg2+ 1/2-1/2

[Event "BCF-chT3S 1617 (4NCL) Promotion pool"]
[Site "England"]
[Date "2017.05.01"]
[Round "11.45"]
[White "Paul, Nathanael"]
[Black "Elwin, Adrian G"]
[Result "0-1"]
[WhiteElo "2012"]
[BlackElo "2004"]
[PlyCount "140"]
[EventDate "2016.11.26"]
[EventType "team-tourn"]
[EventRounds "11"]
[EventCountry "ENG"]
[SourceTitle "EXT 2019"]
[Source "ChessBase"]
[SourceDate "2018.10.10"]
[SourceVersion "1"]
[SourceVersionDate "2018.10.10"]
[SourceQuality "1"]
[WhiteTeam "Shropshire"]
[BlackTeam "MK Phoenix"]
[WhiteTeamCountry "ENG"]
[BlackTeamCountry "ENG"]

1. e4 c6 2. d4 d5 3. exd5 cxd5 4. c4 Nf6 5. Nc3 Nc6 6. Bg5 e6 7. Nf3 dxc4 8. Bxc4 Be7 9. 0-0 0-0 10. Re1 a6 11. a3 b5 12. Ba2 Bb7 13. d5 Nxd5 14. Ne4 Nf6 15. Bxf6 Bxf6 16. Nxf6+ Qxf6 17. Qd7 Qe7 18. Qxe7 Nxe7 19. Ng5 Bd5 20. Bxd5 Nxd5 21. Ne4 Rfc8 22. Rac1 g6 23. Kf1 h6 24. g3 Nb6 25. Nd6 Rd8 26. Rc6 Nd5 27. Nb7 Rdb8 28. Nc5 Rb6 29. Rxb6 Nxb6 30. b3 a5 31. a4 Rc8 32. Nb7 bxa4 33. bxa4 Nxa4 34. Nxa5 Rc5 35. Nb3 Rc3 36. Nd4 Rd3 37. Ne2 Nb6 38. Rc1 Nd5 39. Rc2 Rd4 40. Kg2 Kg7 41. Rb2 g5 42. h3 Kg6 43. Ra2 h5 44. Rc2 f5 45. Nc3 Nxc3 46. Rxc3 h4 47. gxh4 gxh4 48. Rc5 Kg5 49. Rc6 e5 50. Rc8 Rd6 51. Rc3 e4 52. Rc8 Rg6 53. Rc7 Kf4+ 54. Kf1 Ra6 55. Rc3 Ra5 56. Kg2 Kg5 57. Rc8 Ra2 58. Re8 Kf4 59. Re7 Re2 60. Kf1 Kf3 61. Rf7 Rxf2+ 62. Kg1 Rg2+ 63. Kh1 Rg5 64. Kh2 f4 65. Ra7 e3 66. Ra3 Kf2 67. Ra1 e2 68. Rg1 Rg3 69. Rf1+ exf1N+ 70. Kh1 Rxh3# 0-1

[Event "BCF-chT3S 1617 (4NCL) Promotion pool"]
[Site "England"]
[Date "2017.04.30"]
[Round "10.45"]
[White "Elwin, Adrian G"]
[Black "Bourne, Iain"]
[Result "1/2-1/2"]
[WhiteElo "2004"]
[BlackElo "1997"]
[PlyCount "32"]
[EventDate "2016.11.26"]
[EventType "team-tourn"]
[EventRounds "11"]
[EventCountry "ENG"]
[SourceTitle "EXT 2019"]
[Source "ChessBase"]
[SourceDate "2018.10.10"]
[SourceVersion "1"]
[SourceVersionDate "2018.10.10"]
[SourceQuality "1"]
[WhiteTeam "MK Phoenix"]
[BlackTeam "Leeds University Old Boys"]
[WhiteTeamCountry "ENG"]
[BlackTeamCountry "ENG"]

1. d4 c5 2. d5 Nf6 3. c4 b5 4. Qc2 bxc4 5. e4 e6 6. Bxc4 exd5 7. exd5 d6 8. Nc3 Be7 9. Nge2 0-0 10. Bg5 Nbd7 11. Bxf6 Nxf6 12. h3 Re8 13. 0-0 Rb8 14. Rae1 Bf8 15. Ng3 Bd7 16. b3 Qc8 1/2-1/2

[Event "BCF-chT3Sa 1617 (4NCL)"]
[Site "England"]
[Date "2017.02.11"]
[Round "5.25"]
[White "Van Kemenade, Rudy"]
[Black "Elwin, Adrian G"]
[Result "1-0"]
[WhiteElo "1947"]
[BlackElo "2010"]
[PlyCount "57"]
[EventDate "2016.11.26"]
[EventType "team-tourn"]
[EventRounds "11"]
[EventCountry "ENG"]
[SourceTitle "EXT 2019"]
[Source "ChessBase"]
[SourceDate "2018.10.10"]
[SourceVersion "1"]
[SourceVersionDate "2018.10.10"]
[SourceQuality "1"]
[WhiteTeam "Rhyfelwyr Essyllwg"]
[BlackTeam "MK Phoenix"]
[WhiteTeamCountry "WLS"]
[BlackTeamCountry "ENG"]

1. e4 c6 2. d4 d5 3. e5 Bf5 4. Nc3 Qb6 5. a3 h6 6. g4 Bd7 7. Bg2 e6 8. Nge2 c5 9. dxc5 Bxc5 10. 0-0 a5 11. Nf4 Na6 12. Nd3 Be7 13. Kh1 Qc7 14. f4 h5 15. f5 hxg4 16. Qxg4 0-0-0 17. Qxg7 Bf6 18. Qxf7 Bxe5 19. Nxe5 Qxe5 20. Bf4 Qxf5 21. Qxf5 exf5 22. Nxd5 Re8 23. Nb6+ Kd8 24. Nxd7 Kxd7 25. Bxb7 Nc5 26. Rad1+ Ke6 27. Rde1+ Kf7 28. Bd5+ Ne6 29. Rxe6 1-0

[Event "BCF-chT3Sa 1617 (4NCL)"]
[Site "England"]
[Date "2017.01.14"]
[Round "3.44"]
[White "Piper, Stephen J"]
[Black "Elwin, Adrian G"]
[Result "1-0"]
[WhiteElo "2074"]
[BlackElo "2015"]
[PlyCount "101"]
[EventDate "2016.11.26"]
[EventType "team-tourn"]
[EventRounds "11"]
[EventCountry "ENG"]
[SourceTitle "EXT 2019"]
[Source "ChessBase"]
[SourceDate "2018.10.10"]
[SourceVersion "1"]
[SourceVersionDate "2018.10.10"]
[SourceQuality "1"]
[WhiteTeam "The Rookies"]
[BlackTeam "MK Phoenix"]
[WhiteTeamCountry "ENG"]
[BlackTeamCountry "ENG"]

1. c4 Nf6 2. Nc3 g6 3. g3 Bg7 4. Bg2 d6 5. d3 c6 6. e4 e5 7. Nge2 Bg4 8. h3 Be6 9. 0-0 Na6 10. Rb1 Qd7 11. Kh2 h5 12. h4 Ng4+ 13. Kg1 f6 14. f3 Nh6 15. b4 Nf7 16. f4 Bg4 17. d4 exd4 18. Qxd4 Nc7 19. Rd1 0-0 20. Qd3 Qe7 21. b5 Ne6 22. bxc6 bxc6 23. Ba3 Rad8 24. Re1 Rfe8 25. Qc2 Qc7 26. Rb3 Rb8 27. Reb1 Rb6 28. Qd2 Reb8 29. Nd4 Nxd4 30. Qxd4 Rxb3 31. Rxb3 Rxb3 32. axb3 f5 33. Qd2 Qb6+ 34. c5 dxc5 35. e5 Nxe5 36. fxe5 Bxe5 37. Nd5 Bd4+ 38. Kh2 cxd5 39. Bxd5+ Kg7 40. Bc1 Kf8 41. Qh6+ Bg7 42. Qh7 f4 43. Qg8+ Ke7 44. Qxg7+ Kd6 45. Bc4 fxg3+ 46. Kxg3 Kc6 47. Bf4 Bf5 48. Qf7 Qd8 49. Qxa7 Bc8 50. Qa4+ Kb6 51. Qb5+ 1-0

[Event "GBR-ch 103rd"]
[Site "Bournemouth"]
[Date "2016.07.30"]
[Round "6"]
[White "Jina, Taran"]
[Black "Elwin, Adrian G"]
[Result "0-1"]
[WhiteElo "1764"]
[BlackElo "1992"]
[PlyCount "62"]
[EventDate "2016.07.25"]
[EventType "swiss"]
[EventRounds "11"]
[EventCountry "ENG"]
[SourceTitle "CBM 173 Extra"]
[Source "ChessBase"]
[SourceDate "2016.08.29"]
[SourceVersion "1"]
[SourceVersionDate "2016.08.29"]
[SourceQuality "1"]

1. d4 Nf6 2. g3 g6 3. Bg2 d5 4. c4 c6 5. Nf3 Bg7 6. 0-0 0-0 7. cxd5 cxd5 8. Nc3 Nc6 9. Ne5 e6 10. Nxc6 bxc6 11. Qc2 Nd7 12. Rd1 e5 13. dxe5 Nxe5 14. Be3 Qa5 15. Na4 Bf5 16. Qb3 Rab8 17. Bd2 Qa6 18. Nc5 Qxe2 19. Qe3 Qxe3 20. Bxe3 Nc4 21. Bf4 Rxb2 22. Nb3 Re8 23. Bf3 Ne5 24. Bg2 Ng4 25. f3 Ne3 26. Re1 Rxg2+ 27. Kh1 Bxa1 28. Nxa1 Rxh2+ 29. Kxh2 Ng4+ 30. fxg4 Rxe1 31. gxf5 Rxa1 0-1

[Event "GBR-ch 103rd"]
[Site "Bournemouth"]
[Date "2016.07.29"]
[Round "5"]
[White "Elwin, Adrian G"]
[Black "Bicknell, Carl"]
[Result "0-1"]
[WhiteElo "1992"]
[BlackElo "2121"]
[PlyCount "68"]
[EventDate "2016.07.25"]
[EventType "swiss"]
[EventRounds "11"]
[EventCountry "ENG"]
[SourceTitle "CBM 173 Extra"]
[Source "ChessBase"]
[SourceDate "2016.08.29"]
[SourceVersion "1"]
[SourceVersionDate "2016.08.29"]
[SourceQuality "1"]

1. d4 Nf6 2. Nf3 c5 3. d5 b5 4. Bg5 d6 5. e4 a6 6. Nbd2 Nbd7 7. c4 g6 8. Qc2 Bg7 9. Be2 0-0 10. 0-0 Ng4 11. Rab1 bxc4 12. Nxc4 Nde5 13. b4 Nxc4 14. Bxc4 cxb4 15. Rxb4 a5 16. Rbb1 h6 17. Bh4 Qc7 18. Qe2 Ne5 19. Nxe5 Bxe5 20. Bg3 Bxg3 21. hxg3 Bd7 22. Bb5 Rfc8 23. Bxd7 Qxd7 24. Rfc1 Rc7 25. Rc2 Rxc2 26. Qxc2 Rc8 27. Qb3 Qg4 28. Qd3 Kg7 29. Kh2 Qh5+ 30. Kg1 Qe5 31. Rd1 Qb2 32. a3 f6 33. Rb1 Qa2 34. Qb3 Rc1+ 0-1

[Event "GBR-ch 103rd"]
[Site "Bournemouth"]
[Date "2016.07.25"]
[Round "1"]
[White "Nelson, Jonathan"]
[Black "Elwin, Adrian G"]
[Result "1-0"]
[WhiteElo "2207"]
[BlackElo "1992"]
[PlyCount "81"]
[EventDate "2016.07.25"]
[EventType "swiss"]
[EventRounds "11"]
[EventCountry "ENG"]
[SourceTitle "CBM 173 Extra"]
[Source "ChessBase"]
[SourceDate "2016.08.29"]
[SourceVersion "1"]
[SourceVersionDate "2016.08.29"]
[SourceQuality "1"]

1. d4 Nf6 2. c4 g6 3. Nc3 Bg7 4. e4 d6 5. Be2 0-0 6. f4 c6 7. Nf3 Nbd7 8. e5 Ne8 9. Be3 Nc7 10. 0-0 c5 11. dxc5 dxe5 12. fxe5 Nxe5 13. Nxe5 Bxe5 14. Bf3 Rb8 15. Qe1 Ne6 16. Rd1 Qa5 17. Rd5 Qc7 18. g3 a6 19. Kg2 Bd7 20. Bg1 Bg7 21. b4 Bc6 22. h4 Bxd5 23. Nxd5 Qe5 24. Nxe7+ Kh8 25. Qxe5 Bxe5 26. Nd5 Kg7 27. Nb6 Rfd8 28. Bd5 Bc3 29. a3 Bf6 30. g4 Bxh4 31. Bh2 Bg5 32. Be5+ Kg8 33. Bxb8 Rxb8 34. Bxe6 fxe6 35. Rd1 Rd8 36. Nd7 e5 37. Kf3 Kg7 38. Ke4 Bf4 39. b5 Rc8 40. c6 bxc6 41. b6 1-0

[Event "BCF-chT2d 1516 (4NCL) Demotion pool"]
[Site "England"]
[Date "2016.05.01"]
[Round "10.32"]
[White "Elwin, Adrian G"]
[Black "Milewska, Agnieszka"]
[Result "1-0"]
[WhiteElo "1996"]
[BlackElo "1766"]
[PlyCount "83"]
[EventDate "2015.11.14"]
[EventType "team-tourn"]
[EventRounds "4"]
[EventCountry "ENG"]
[SourceTitle "EXT 2017"]
[Source "ChessBase"]
[SourceDate "2016.10.25"]
[SourceVersion "1"]
[SourceVersionDate "2016.10.25"]
[SourceQuality "1"]
[WhiteTeam "MK Phoenix"]
[BlackTeam "BCM Dragons"]
[WhiteTeamCountry "ENG"]
[BlackTeamCountry "ENG"]

1. d4 d5 2. c4 e6 3. Nc3 Nf6 4. Nf3 c5 5. cxd5 Nxd5 6. e4 Nxc3 7. bxc3 cxd4 8. cxd4 Bb4+ 9. Bd2 Bxd2+ 10. Qxd2 0-0 11. Bc4 Nc6 12. 0-0 b6 13. Rac1 Na5 14. Bd3 Bb7 15. Rfd1 h6 16. Qe3 Qe7 17. Ne5 Rac8 18. Be2 Rxc1 19. Rxc1 Rd8 20. Bh5 Rf8 21. Qf4 g6 22. Bf3 Qg5 23. Qxg5 hxg5 24. Rc7 Rc8 25. Rxc8+ Bxc8 26. Kf1 Kg7 27. h3 f6 28. Ng4 Nc4 29. Ke1 f5 30. Ne3 Nxe3 31. fxe3 Bb7 32. e5 Bxf3 33. gxf3 Kf7 34. e4 Ke7 35. d5 a5 36. a4 Kd7 37. Kd2 exd5 38. exd5 Kc7 39. Kc3 g4 40. hxg4 fxg4 41. fxg4 g5 42. Kc4 1-0

[Event "BCF-chT2d 1516 (4NCL) Demotion pool"]
[Site "England"]
[Date "2016.04.30"]
[Round "9.32"]
[White "Gordon Brown, Alexander"]
[Black "Elwin, Adrian G"]
[Result "1-0"]
[WhiteElo "2063"]
[BlackElo "1996"]
[PlyCount "79"]
[EventDate "2015.11.14"]
[EventType "team-tourn"]
[EventRounds "4"]
[EventCountry "ENG"]
[SourceTitle "EXT 2017"]
[Source "ChessBase"]
[SourceDate "2016.10.25"]
[SourceVersion "1"]
[SourceVersionDate "2016.10.25"]
[SourceQuality "1"]
[WhiteTeam "Cambridge II"]
[BlackTeam "MK Phoenix"]
[WhiteTeamCountry "ENG"]
[BlackTeamCountry "ENG"]

1. d4 Nf6 2. c4 g6 3. Nc3 Bg7 4. e4 d6 5. f4 0-0 6. Nf3 Bg4 7. Be2 Nbd7 8. 0-0 c5 9. d5 Nb6 10. h3 Bxf3 11. Rxf3 Nfd7 12. Be3 a6 13. h4 f5 14. exf5 gxf5 15. Qc2 Qe8 16. Rg3 h6 17. a4 Rd8 18. a5 Nc8 19. Qb3 e5 20. dxe6 Qxe6 21. Qxb7 Ne7 22. Rd1 Nf6 23. Qxa6 Ng4 24. Bxc5 Bxc3 25. Bxg4 fxg4 26. Rxc3 Qe2 27. Rxd6 Rxd6 28. Qxd6 Qe1+ 29. Kh2 Qxh4+ 30. Rh3 gxh3 31. Qxe7 Qxf4+ 32. g3 Qd2+ 33. Kxh3 Rd8 34. Be3 Qd1 35. Qe6+ Kg7 36. Qxh6+ Kf7 37. Qf4+ Kg6 38. Qg4+ Kf7 39. Qxd1 Rxd1 40. a6 1-0